A text book of university chemistry -II / (Record no. 143712)

MARC details
000 -LEADER
fixed length control field 00581nam a22001817a 4500
005 - DATE AND TIME OF LATEST TRANSACTION
control field 20170823124336.0
010 ## - LCCN (DPL NO)
LC control number ENG-120008
020 ## - INTERNATIONAL STANDARD BOOK NUMBER
Terms of availability 235.00
International Standard Book Number 9789380831209
035 ## - SYSTEM CONTROL NUMBER
System control number EN-103540
037 ## - SOURCE OF ACQUISITION
Source of stock number/acquisition DBAD/PUB
082 ## - DEWEY DECIMAL CLASSIFICATION NUMBER
Classification number 540
100 ## - MAIN ENTRY--PERSONAL NAME
Personal name Suguna, M.
245 ## - TITLE STATEMENT
Title A text book of university chemistry -II /
Statement of responsibility, etc by M. Suguna
260 ## - PUBLICATION, DISTRIBUTION, ETC. (IMPRINT)
Place of publication, distribution, etc Hyderabad
Name of publisher, distributor, etc Studentshelpline Publishing House
Date of publication, distribution, etc 2012
270 ## - ADDRESS
Address # 326/C, Surneni Nilayam, Near B K Guda Park, S.R. Nagar,
City Hyderabad
Postal code 500038
300 ## - PHYSICAL DESCRIPTION
Extent various pagings
Dimensions 24cm(pbk)
942 ## - ADDED ENTRY ELEMENTS (KOHA)
Source of classification or shelving scheme Dewey Decimal Classification
Item type English Books
Classification part 540
Call number suffix SUG
Holdings
Withdrawn status Lost status Not for loan Collection code Home library Current library Date acquired Source of acquisition Cost, normal purchase price Full call number Barcode Copy number Cost, replacement price Koha item type
      Non-fiction Patel Nagar Patel Nagar 23/08/2017 DBAD/PUB 235.00 540 SUG EN-103540 1 235.00 English Books

© Delhi Public Library
Hit Counter
free hit counter